00269nam a2200085Ia 4500001000800000005001700008008004100025245008300066260003400149107089220250827002114.0250824s9999 xx 000 0 und d 0aAŞIK MEVLÜT İHSANİDEN DERLENEN HALK HİKAYELERİcFİKRET TÜRKMEN bTÜRK DİL KURUMU YAYINLARI